Franks by Picture - Statistics

General Stats
  • This quiz has been taken 25 times
  • The average score is 7 of 12
Answer Stats
Picture Hint Answer % Correct
Pope Francis
100%
Frank Sinatra
96%
Frank Zappa
91%
Frances McDormand
70%
Franklin Roosevelt
70%
(architect) Frank Lloyd Wright
57%
Frank Ocean
57%
Francis Ford Coppola
52%
Franklin Pierce
48%
Francis Bacon
43%
Francis Drake
35%
Frank Langella
17%
No matching quizzes found
Score Distribution
Percent of People with Each Score
Percentile by Number Answered
Your Score History
You have not taken this quiz